| 000 | 00962aam a2200349 4500 | ||
|---|---|---|---|
| 005 | 20260218155641.0 | ||
| 008 | 150703b2012 xxu||||| |||| 00| 0 spa d | ||
| 020 | _a9788490333266 | ||
| 041 | _aESP | ||
| 082 | _a364 H355ip | ||
| 100 |
_aHassemer, Winfried _94786 |
||
| 100 |
_aMuñoz Conde, Francisco _94787 |
||
| 245 | _aIntroducción a la criminología y a la Política criminal | ||
| 260 | _aEspaña | ||
| 260 | _b Tirant lo blanch | ||
| 260 | _c2012 | ||
| 300 | _a247 páginas | ||
| 490 | _aInvestigación Criminal | ||
| 650 | _aCRIMINOLOGÍA | ||
| 650 | _aREACCIÓN SOCIAL | ||
| 650 | _aPROTAGONISTAS DEL CONFLICTO PENAL | ||
| 650 | _aTEORÍAS BIOLÓGICAS | ||
| 650 | _aTEORÍAS DE LA SOCIALIZACIÓN | ||
| 650 | _aESTRUCTURA SOCIAL DEFECTUOSA | ||
| 650 | _aDELINCUENCIA | ||
| 650 | _aVÍCTIMA | ||
| 650 | _aPREVENCIÓN | ||
| 650 | _aPRISIÓN | ||
| 650 | _aJUSTICIA | ||
| 650 | _aPOLÍTICO CRIMINAL | ||
| 942 |
_cBK _2ddc |
||
| 999 |
_c7686 _d7686 |
||